000 00694nam a2200229Ia 4500
003 OSt
005 20220923224135.0
006 a|||||r|||| 00| 0
007 ta
008 Pun
024 _a226,444
037 _cTextual
040 _aARTS
_cARTS
_bPun
041 _2Pun
_aPun
082 _aO153,1:g, P3
100 _aਸਿੰਘ, ਸੁਖਵਿੰਦਰ
_9156272
245 0 _aਲੋਕ ਵਾਰਾਂ ਅਤੇ ਅਧਿਆਤਮਕ ਵਾਰਾਂ ਦੀ ਦ੍ਰਿFਟੀ ਤੇ ਸਰੂਪ
260 _c2003
650 _aਪੰਜਾਬੀ ਸਾਹਿਤ
942 _hO153,1:g, P3
_cTEXL
_2CC
999 _c369483
_d369483